|
|
|
|
| LEADER |
01412nam a2200277 a 4500 |
| 001 |
GR-MES17260 |
| 008 |
150617s2015 gr gz 000 0 gre d |
| 040 |
|
|
|a GrPaTEI
|b gre
|c GR-PaULI
|
| 040 |
|
|
|a GrPaTEI
|b gre
|c GR-PaULI
|
| 100 |
1 |
|
|a Μήλος, Τηλέμαχοσ Κωνσταντίνος
|
| 245 |
1 |
2 |
|a Η αναγκαιότητα της λογιστικής αποπληθωρισμού /
|c Σπουδαστής: Τηλέμαχος Κωνσταντίνος Μήλος ; Επιβλέπων: Γεώργιος Παππάς.
|
| 260 |
|
|
|a Μεσολόγγι :
|b ΤΕΙ Δυτικής Ελλάδας,
|c 2015
|
| 300 |
|
|
|a 48 σ. :
|b εικ., σχημ.
|
| 504 |
|
|
|a Βιβλιογραφία: σ.47
|
| 650 |
|
4 |
|a Λογιστική
|
| 650 |
|
4 |
|a Οικονομική πολιτική
|
| 650 |
|
4 |
|a Πληθωρισμός
|
| 650 |
|
4 |
|a Πτυχιακή εργασία
|y 2015
|
| 700 |
1 |
|
|a Παππάς, Γεώργιος
|
| 710 |
0 |
|
|a ΤΕΙ Δυτικής Ελλάδας
|
| 710 |
2 |
|
|a Σ.Δ.Ο. Τμήμα Λογιστικής και Χρηματοοικονομικής
|
| 856 |
4 |
0 |
|u https://nereus.library.upatras.gr/formermes//ptyxiakes/sdo/sdo_log/2011-2015/628pe.pdf
|
| 942 |
|
|
|2 ddc
|
| 952 |
|
|
|0 0
|1 0
|2 ddc
|4 0
|7 0
|9 275349
|a MSLG
|b MSLG
|c BSC
|d 2021-01-17
|e 24
|f 0
|g 0.00
|l 0
|p 24200628
|r 2021-01-17 00:00:00
|t 1
|w 2021-01-17
|y BK15
|x 20150617 0 K.G. 1
|x GrPaTEI
|
| 971 |
|
|
|a .b25833091
|b 16-04-20
|c 13-09-16
|
| 999 |
|
|
|c 159533
|d 159533
|